000 00464nam a22001817a 4500
008 150408b xxu||||| |||| 00| 0 eng d
020 _a9780071602433
041 0 _aeng
080 _a336.76
100 _aFaith, Curtis M.
245 1 0 _aInside the mind of the turtles /
_cCurtis M. Faith.
260 _aNew York :
_bMcGraw-Hill;
_c2009.
300 _a222 f.:
_c24 cm.
505 _aIndex: f.215-222
650 0 _aInvestime
650 0 _aFinanca
942 _2udc
_cBK
999 _c666
_d666